000
00215nam a22000857a 4500
008
160808b xxu||||| |||| 00| 0 eng d
100
_9
56
_a
Mishra A
245
_a
Basic Science-8
260
_a
New Delhi
_b
Bharati Bhawan
_c
2012
999
_c
2708
_d
2708